| 000 | 00727nam a22002057a 4500 | ||
|---|---|---|---|
| 003 | NALT | ||
| 005 | 20211001110718.0 | ||
| 008 | s2547 th ||||| |||| 00| 0 tha d | ||
| 020 | _a9749531477 | ||
| 040 | _aNALT | ||
| 050 |
_aPN6129.T5 _bท338ส |
||
| 100 | 0 | _aพิทักษ์ ศรีรุจิวงศ์ | |
| 245 | 1 | 0 | _aสุนทรพจน์นายกฯ ทักษิณ |
| 260 | 3 |
_aกรุงเทพฯ : _bวรรณสาส์น, _c2547 |
|
| 300 |
_a320 หน้า : _bภาพประกอบ ; _c21 ซม. |
||
| 650 | 0 | 4 | _aทักษิณ ชินวัตร -- สุนทรพจน์ |
| 650 | 0 | 4 | _aสุนทรพจน์ |
| 850 | _aNALT | ||
| 942 |
_cGB _2lcc |
||
| 999 |
_c42733 _d42733 |
||
| 998 |
_j109 _k อารีรัตน์ วิชาช่าง |
||